| 000 | 00365 a2200145 4500 | ||
|---|---|---|---|
| 999 |
_c7865 _d7865 |
||
| 020 | _a0340869860 | ||
| 050 | _aTR 146 2003 | ||
| 100 | _aFrost Lee | ||
| 245 | _ateach yourself photography | ||
| 264 |
_aUnited States _bTeach yourself _c2003 |
||
| 300 | _a154p, col ill; 25cm | ||
| 500 | _aincludes index | ||
| 650 | _xPhotography | ||
| 942 |
_2lcc _cBK _h146 _iFRO _kTR |
||